Statistics for NBA 2017-18 Top 5 Scorers On Each Team

Click here to take the quiz!

General Stats

  • This quiz has been taken 14,784 times
  • The average score is 88 of 150

Answer Stats

TeamPPGPlayer% Correct
Toronto Raptors23.0DeMar DeRozan
96%
Toronto Raptors16.2Kyle Lowry
96%
Boston Celtics24.4Kyrie Irving
95%
Philadelphia 76ers22.9Joel Embiid
93%
Cleveland Cavaliers27.5LeBron James
93%
Philadelphia 76ers15.8Ben Simmons
91%
Boston Celtics13.9Jayson Tatum
90%
Golden State Warriors20.0Klay Thompson
89%
Golden State Warriors26.4Stephen Curry
89%
Boston Celtics14.5Jaylen Brown
88%
Orlando Magic13.9Jonathon Simmons
88%
Golden State Warriors26.4Kevin Durant
88%
Golden State Warriors11.0Draymond Green
87%
Oklahoma City Thunder25.4Russell Westbrook
87%
Boston Celtics12.9Al Horford
86%
Houston Rockets12.1Gerald Green
86%
Memphis Grizzlies10.3JaMychal Green
86%
Cleveland Cavaliers10.8Jeff Green
86%
Phoenix Suns10.4Mike James
86%
Oklahoma City Thunder21.9Paul George
86%
Portland Trail Blazers26.9Damian Lillard
85%
Cleveland Cavaliers17.6Kevin Love
85%
Milwaukee Bucks26.9Giannis Antetokounmpo
84%
Los Angeles Clippers22.6Blake Griffin
83%
Detroit Pistons19.8Blake Griffin
83%
Minnesota Timberwolves22.2Jimmy Butler
83%
Minnesota Timberwolves21.3Karl-Anthony Towns
83%
Washington Wizards22.6Bradley Beal
82%
Houston Rockets30.4James Harden
82%
Washington Wizards19.4John Wall
82%
New Orleans Pelicans28.1Anthony Davis
81%
Houston Rockets18.6Chris Paul
81%
Charlotte Hornets22.1Kemba Walker
81%
Utah Jazz20.5Donovan Mitchell
80%
Oklahoma City Thunder16.2Carmelo Anthony
79%
Portland Trail Blazers21.4C.J. McCollum
79%
New York Knicks22.7Kristaps Porzingis
79%
Denver Nuggets18.5Nikola Jokic
79%
Indiana Pacers23.1Victor Oladipo
79%
Phoenix Suns24.9Devin Booker
78%
Milwaukee Bucks20.1Khris Middleton
78%
Brooklyn Nets15.5D'Angelo Russell
77%
Dallas Mavericks15.2Dennis Smith Jr.
77%
Utah Jazz13.5Rudy Gobert
77%
Minnesota Timberwolves17.7Andrew Wiggins
76%
New Orleans Pelicans25.2DeMarcus Cousins
75%
Oklahoma City Thunder13.9Steven Adams
75%
Orlando Magic17.6Aaron Gordon
74%
Detroit Pistons15.0Andre Drummond
74%
Cleveland Cavaliers11.2Dwyane Wade
74%
Houston Rockets18.0Eric Gordon
74%
Philadelphia 76ers17.1J.J. Redick
74%
Memphis Grizzlies17.2Marc Gasol
74%
San Antonio Spurs10.1Pau Gasol
74%
Denver Nuggets17.5Gary Harris
73%
Detroit Pistons18.1Tobias Harris
73%
Los Angeles Clippers19.3Tobias Harris
73%
New Orleans Pelicans19.0Jrue Holiday
72%
Chicago Bulls16.7Zach LaVine
72%
Toronto Raptors12.6Serge Ibaka
71%
Toronto Raptors12.7Jonas Valanciunas
70%
Indiana Pacers12.7Myles Turner
69%
Denver Nuggets16.7Jamal Murray
68%
San Antonio Spurs23.1LaMarcus Aldridge
68%
Milwaukee Bucks17.8Eric Bledsoe
67%
Miami Heat14.0Hassan Whiteside
67%
Los Angeles Clippers22.6Lou Williams
67%
Miami Heat17.3Goran Dragic
66%
Dallas Mavericks12.0Dirk Nowitzki
65%
Portland Trail Blazers14.3Jusuf Nurkic
65%
Los Angeles Lakers16.1Brandon Ingram
64%
Sacramento Kings11.6De'Aaron Fox
64%
Charlotte Hornets16.6Dwight Howard
64%
Phoenix Suns13.1Josh Jackson
64%
Detroit Pistons14.6Reggie Jackson
64%
Milwaukee Bucks12.6Jabari Parker
63%
Houston Rockets13.9Clint Capela
62%
Los Angeles Lakers16.1Kyle Kuzma
60%
Boston Celtics13.6Marcus Morris
59%
Washington Wizards11.5Markieff Morris
59%
Orlando Magic16.5Nikola Vucevic
59%
Washington Wizards14.7Otto Porter Jr.
59%
Atlanta Hawks19.4Dennis Schroder
57%
Los Angeles Lakers16.1Julius Randle
57%
San Antonio Spurs10.0Patty Mills
57%
Minnesota Timberwolves14.2Jeff Teague
56%
Chicago Bulls15.2Lauri Markkanen
56%
Utah Jazz13.1Ricky Rubio
56%
Philadelphia 76ers14.6Dario Saric
53%
Denver Nuggets14.6Paul Millsap
53%
Indiana Pacers11.8Thaddeus Young
53%
New York Knicks17.5Tim Hardaway Jr.
53%
Miami Heat11.7Tyler Johnson
53%
Dallas Mavericks18.9Harrison Barnes
52%
Indiana Pacers14.3Bojan Bogdanovic
50%
New York Knicks14.1Enes Kanter
48%
Los Angeles Lakers14.5Jordan Clarkson
48%
Cleveland Cavaliers12.6Jordan Clarkson
48%
Milwaukee Bucks13.0Malcolm Brogdon
48%
Sacramento Kings11.8Bogdan Bogdanovic
46%
Sacramento Kings13.5Buddy Hield
46%
Chicago Bulls13.4Kris Dunn
46%
Charlotte Hornets11.6Nicolas Batum
46%
Brooklyn Nets12.6Spencer Dinwiddie
46%
Utah Jazz16.8Rodney Hood
44%
Minnesota Timberwolves12.2Taj Gibson
43%
Orlando Magic17.8Evan Fournier
42%
Sacramento Kings14.5Zach Randolph
40%
Utah Jazz12.3Derrick Favors
37%
Miami Heat12.9Josh Richardson
37%
San Antonio Spurs8.9Manu Ginobili
37%
New Orleans Pelicans14.6Nikola Mirotic
37%
Chicago Bulls16.8Nikola Mirotic
37%
Washington Wizards11.8Kelly Oubre Jr.
36%
Indiana Pacers12.4Darren Collison
35%
Brooklyn Nets13.9Rondae Hollis-Jefferson
35%
Portland Trail Blazers9.3Al-Farouq Aminu
34%
Toronto Raptors10.0C.J. Miles
34%
Oklahoma City Thunder8.4Jerami Grant
34%
Denver Nuggets15.7Will Barton
34%
Orlando Magic13.0Elfrid Payton
32%
Charlotte Hornets12.9Jeremy Lamb
32%
Phoenix Suns19.6T.J. Warren
32%
Detroit Pistons15.0Avery Bradley
31%
Los Angeles Lakers13.4Kentavious Caldwell-Pope
31%
Atlanta Hawks12.9Kent Bazemore
31%
Atlanta Hawks14.1Taurean Prince
31%
Chicago Bulls13.2Bobby Portis
30%
Memphis Grizzlies19.4Tyreke Evans
30%
Sacramento Kings12.8Willie Cauley-Stein
30%
San Antonio Spurs11.5Rudy Gay
29%
Brooklyn Nets13.5DeMarre Carroll
28%
Los Angeles Clippers15.3Danilo Gallinari
27%
Miami Heat14.3Dion Waiters
27%
New York Knicks13.2Michael Beasley
27%
New Orleans Pelicans12.5E'Twaun Moore
26%
Brooklyn Nets13.2Allen Crabbe
24%
Philadelphia 76ers13.6Marco Belinelli
24%
Atlanta Hawks11.4Marco Belinelli
24%
Golden State Warriors9.5Quinn Cook
24%
New York Knicks12.8Trey Burke
24%
Dallas Mavericks12.7Wesley Matthews
23%
Memphis Grizzlies11.0Dillon Brooks
19%
Atlanta Hawks10.9Ersan Ilyasova
19%
Los Angeles Clippers15.1Austin Rivers
18%
Charlotte Hornets11.1Frank Kaminsky
16%
Dallas Mavericks11.6J.J. Barea
16%
Phoenix Suns11.3Greg Monroe
14%
Portland Trail Blazers8.7Shabazz Napier
13%
Memphis Grizzlies9.5Andrew Harrison
7%

Score Distribution

Percentile by Number Answered

Percent of People with Each Score

Your Score History

You have not taken this quiz